Statistics for PR13-京阪電気鉄道の駅

Click here to take the quiz!

General Stats

  • This quiz has been taken 387 times
  • The average score is 58 of 94

Answer Stats

本線% Correct
淀屋橋
96%
枚方市
96%
枚方市
96%
三条
96%
三条
96%
宇治
94%
京橋
94%
中之島
94%
出町柳
94%
中書島
93%
中書島
93%
天満橋
91%
天満橋
91%
七条
90%
寝屋川市
89%
祇園四条
89%
北浜
87%
樟葉
87%
私市
86%
守口市
85%
丹波橋
84%
枚方公園
83%
清水五条
83%
門真市
81%
81%
神宮丸太町
81%
萱島
80%
東福寺
79%
伏見稲荷
79%
交野市
77%
石清水八幡宮
77%
びわ湖浜大津
74%
びわ湖浜大津
74%
香里園
73%
なにわ橋
73%
関目
72%
大江橋
72%
京阪山科
72%
渡辺橋
71%
野江
71%
御陵
69%
土居
68%
龍谷大前深草
67%
滝井
66%
黄檗
66%
橋本
66%
千林
66%
石山寺
65%
六地蔵
64%
京阪石山
63%
京阪膳所
61%
森小路
60%
鳥羽街道
60%
伏見桃山
60%
墨染
57%
坂本比叡山口
57%
藤森
56%
河内森
55%
大谷
55%
西三荘
53%
大和田
53%
牧野
53%
四宮
53%
古川橋
49%
光善寺
49%
御殿山
48%
木幡
47%
京阪大津京
45%
観月橋
45%
上栄町
44%
三室戸
43%
近江神宮前
40%
追分
39%
桃山南口
38%
大津市役所前
36%
星ヶ丘
35%
村野
33%
膳所本町
33%
三井寺
32%
宮之阪
32%
穴太
31%
郡津
30%
唐橋前
30%
滋賀里
26%
25%
松ノ馬場
22%
南滋賀
22%
石場
21%
島ノ関
21%
瓦ヶ浜
20%
粟津
20%
ケーブル八幡宮口
17%
ケーブル八幡宮山上
17%
中ノ庄
16%

Score Distribution

Percentile by Number Answered

Percent of People with Each Score

Your Score History

You have not taken this quiz